| 000 | 00942nas a2200301 4500 | ||
|---|---|---|---|
| 001 | BR9900611 | ||
| 003 | BR-BrBNA | ||
| 005 | 20231205101226.0 | ||
| 007 | ta | ||
| 008 | 230509b bl.|||p| |||| 00| 00por d | ||
| 040 |
_aBR-BrBNA _bpor _cBiblioteca Nacional de Agricultura |
||
| 041 | _a(Pt) | ||
| 072 | _aL73 | ||
| 100 | 1 | _aMendonca, I.L. de | |
| 100 | 1 | _aAlves, L.C. | |
| 100 | 1 | _aMccall, J.W. | |
| 100 | 1 | _aFaustino, M.A. da G. | |
| 100 | 1 | _aSupakonderj, P. | |
| 245 | 1 | _aPercentual de infeccao por Dirofilaria immitis (Leidy, 1856)em Aedes aegypti (Linnaeus)atraves da utilizacao de membrana artificial | |
| 650 | _aMosquito | ||
| 650 | _aCao | ||
| 650 | _aDirofilariose | ||
| 650 | _aInfeccao | ||
| 650 | _aTransmissao de Doenca | ||
| 773 | 0 |
_tCiencia Veterinaria nos Tropicos (Brazil) _xISSN 1415-6326 _g(May-Aug 1998), v. 1(1) p. 30-32 _wBR9900611 |
|
| 909 |
_a202311 _bLúcia _c55 _dLúcia Elande |
||
| 942 |
_2AGRIS _n0 _cANA |
||
| 999 |
_c160535 _d160535 |
||